000 00519nam a22001937a 4500
999 _c172854
_d172854
005 20200213165432.0
010 _aA-243809
020 _c30.00
_a-
035 _aA-243809
037 _bBPPD
082 _a920
100 _aعو ض سعيد
245 _aخا کے
_cعو ض سعيد
246 _aKhake
_bOz Sayeed
260 _aN.D.
_bMaktaba jamia Ltd.
_c-
270 _aJamia nagar,
_bNew Delhi
_e110025
_k-
_l-
_m-
300 _a149 ص
_c21 Cm.(P.b)
942 _2ddc
_cUR
_h920
_mع و ض